I cannot be defeated and I will not quit! (Record no. 16601)

000 -LEADER
fixed length control field 00444nam a2200169 a 4500
001 - CONTROL NUMBER
control field :::00019680$&:&@@
003 - CONTROL NUMBER IDENTIFIER
control field OkBaRHE
005 - DATE AND TIME OF LATEST TRANSACTION
control field 20120204154527.0
008 - FIXED-LENGTH DATA ELEMENTS--GENERAL INFORMATION
fixed length control field s2001 g 000 0 eng u
020 ## - INTERNATIONAL STANDARD BOOK NUMBER
International Standard Book Number 0892767464
040 ## - CATALOGING SOURCE
Transcribing agency
100 1# - MAIN ENTRY--PERSONAL NAME
Personal name Hagin, Kenneth W.
9 (RLIN) 161
Dates associated with a name 1939-
245 10 - TITLE STATEMENT
Title I cannot be defeated and I will not quit!
260 ## - PUBLICATION, DISTRIBUTION, ETC. (IMPRINT)
Place of publication, distribution, etc Tulsa, OK
Name of publisher, distributor, etc Faith Library Publications
Date of publication, distribution, etc 2001
300 ## - PHYSICAL DESCRIPTION
Extent 227 p.
942 ## - ADDED ENTRY ELEMENTS (KOHA)
Source of classification or shelving scheme
Koha item type Books
Copies
Date last seen Date acquired Source of classification or shelving scheme Copy number Collection code Current Location Koha item type Date checked out Barcode Permanent Location Shelving location Lost status Full call number Total Checkouts Damaged status Not for loan Price effective from Withdrawn status
2010-04-142010-04-14 1  Books 19680RHEMA Bible Training CollegeGeneral Stacks BV 4501 .H3   2010-04-14 
2010-04-142010-04-14 3  Books 19682RHEMA Bible Training CollegeGeneral Stacks BV 4501 .H3   2010-04-14 
2016-05-092010-04-14 2 RHEMA Bible Training CollegeBooks2016-04-1519681RHEMA Bible Training CollegeGeneral Stacks BV 4501 .H31  2010-04-14 
2011-04-082011-04-08 4ReferenceRHEMA Bible Training CollegeBooks 19683RHEMA Bible Training CollegeGeneral Stacks BV 4501 .H3   2011-04-08 
2012-03-102011-04-08 5 RHEMA Bible Training CollegeBooks2012-02-2521681RHEMA Bible Training CollegeGeneral Stacks BV 4501 .H31  2011-04-08